Library of the University of Algiers 3
Ibrahim Sultan Cheibout
شعار جامعة الجزائر 3
مكتبة جامعة الجزائر 3
إبراهيم سلطان شيبوط

الإشتراكية واقتصاد السوق : (رقم التسجيلة. 46065)

تفاصيل مارك
000 -LEADER
fixed length control field 01029nam a2200253Ia 4500
003 - CONTROL NUMBER IDENTIFIER
control field Ost
005 - DATE AND TIME OF LATEST TRANSACTION
control field 20260507075734.0
008 - FIXED-LENGTH DATA ELEMENTS--GENERAL INFORMATION
fixed length control field 260507s9999||||xx |||||||||||||| ||und||
020 ## - INTERNATIONAL STANDARD BOOK NUMBER
International Standard Book Number 977208661x
040 ## - CATALOGING SOURCE
Transcribing agency fsecg
041 ## - LANGUAGE CODE
Language code of text/sound track or separate title ara
082 ## - DEWEY DECIMAL CLASSIFICATION NUMBER
Classification number 330
100 ## - MAIN ENTRY--PERSONAL NAME
Personal name أمين، سمير
Relator term مؤلف
245 #0 - TITLE STATEMENT
Title الإشتراكية واقتصاد السوق :
Remainder of title تجارب(الصين-فيتنام-كوبا) /
Statement of responsibility, etc. سمير أمين
260 ## - PUBLICATION, DISTRIBUTION, ETC.
Place of publication, distribution, etc. القاهرة:
Name of publisher, distributor, etc. مكتبة مدبولي,
Date of publication, distribution, etc. 2003
300 ## - PHYSICAL DESCRIPTION
Extent 203 صفحة؛
Dimensions 24 سم
520 ## - SUMMARY, ETC.
Summary, etc. الصين،النظرية والتطبيق في مشروع"اشتراكية السوق في الصين"،في الفيتنام،كوبا،كوبا في سيق الإقتصاد العالمي
653 ## - INDEX TERM--UNCONTROLLED
Uncontrolled term االاشتراكية-الفيتنام
653 ## - INDEX TERM--UNCONTROLLED
Uncontrolled term الاشتراكية كوبا
653 ## - INDEX TERM--UNCONTROLLED
Uncontrolled term الاشتراكية-الصين
653 ## - INDEX TERM--UNCONTROLLED
Uncontrolled term لاقتصاد الدولي
700 ## - ADDED ENTRY--PERSONAL NAME
Personal name أوزفالدو، مارتينيز
Relator term مؤلف ثانوي
942 ## - ADDED ENTRY ELEMENTS (KOHA)
Koha item type كتب
المقتنيات
Withdrawn status Lost status Source of classification or shelving scheme Damaged status Not for loan Home library Current library Date acquired Serial enumeration / chronology Inventory number Total checkouts Full call number Barcode Date last seen Price effective from Koha item type
    Library of Congress Classification   NOT LOAN / إعارة داخلية مكتبة كلية العلوم الإقتصادية والعلوم التجارية وعلوم التسيير مكتبة كلية العلوم الإقتصادية والعلوم التجارية وعلوم التسيير 07/05/2026 الطابق الأرضي 1212/1   أ/1212ن1 1212/1 07/05/2026 07/05/2026 كتب
    Dewey Decimal Classification   Available مكتبة كلية العلوم الإقتصادية والعلوم التجارية وعلوم التسيير مكتبة كلية العلوم الإقتصادية والعلوم التجارية وعلوم التسيير 07/05/2026 الطابق الأرضي 1212/2   أ/1212ن2 1212/2 07/05/2026 07/05/2026 كتب
    Dewey Decimal Classification   Available مكتبة كلية العلوم الإقتصادية والعلوم التجارية وعلوم التسيير مكتبة كلية العلوم الإقتصادية والعلوم التجارية وعلوم التسيير 07/05/2026 الطابق الأرضي 1212/3   أ/1212ن3 1212/3 07/05/2026 07/05/2026 كتب
    Dewey Decimal Classification   Available مكتبة كلية العلوم الإقتصادية والعلوم التجارية وعلوم التسيير مكتبة كلية العلوم الإقتصادية والعلوم التجارية وعلوم التسيير 07/05/2026 الطابق الثاني 1212/4   أ/1212ن4 1212/4 07/05/2026 07/05/2026 كتب
    Dewey Decimal Classification   Available مكتبة كلية العلوم الإقتصادية والعلوم التجارية وعلوم التسيير مكتبة كلية العلوم الإقتصادية والعلوم التجارية وعلوم التسيير 07/05/2026 الطابق الثاني 1212/5   أ/1212ن5 1212/5 07/05/2026 07/05/2026 كتب

موارد الويب المفتوحة


© University of Algiers 3 All Rights Reserved
|
Implemented by LECHELAH Riad